000 00828nab a2200241 u 4500
001 17960
003 HDC
007 cr bn ---aaaaa
008 210225c20090424xx dr|noo 0 a eng d
040 _aHDC
100 _aEdy Sarif
_eauthor
_917091
245 0 _aMore Muslim countries to be invited to World Halal meet / by
_cEdy Sarif
260 _a[No place] :
_b[publisher not identified],
_c2009
336 _atext
_2rdacontent
337 _acomputer
_2rdamedia
338 _aonline resource
_2rdacarrier
650 _aglobal halal industry
_99833
650 _aWorld Halal Forum
_99440
856 _zRequest full-text at [email protected]
942 _2lcc
942 _cNEWS
942 _kNWSO 006005
999 _c15276
_d15276